000
00335nam a2200145Ia 4500
008
230718s9999 xx 000 0 und d
041
_a
Eng.
082
_a
344.5
_b
ABI-P
100
_a
Abid S.A (BARE ACT)
245
0
_a
police order 2002
260
_a
Pakistan
_b
Punjab law book
_c
2012
300
_a
187
650
_a
Law
999
_c
30460
_d
30460